The science of being great:how to be a genius (Record no. 150974)

MARC details
000 -LEADER
fixed length control field 00861nam a22002297a 4500
005 - DATE AND TIME OF LATEST TRANSACTION
control field 20180410153023.0
010 ## - LCCN (DPL NO)
LC control number B-690892-893
020 ## - INTERNATIONAL STANDARD BOOK NUMBER
International Standard Book Number 9788188951529
Terms of availability 199.00
035 ## - SYSTEM CONTROL NUMBER
System control number B-690892-893
037 ## - SOURCE OF ACQUISITION
Stock number DPL
Source of stock number/acquisition Pancy
082 ## - DEWEY DECIMAL CLASSIFICATION NUMBER
Classification number 158.1
100 ## - MAIN ENTRY--PERSONAL NAME
Personal name Wattles, Wallace D.
245 ## - TITLE STATEMENT
Title The science of being great:how to be a genius
Remainder of title the practical guide to a life of power /
Statement of responsibility, etc Edited by Kaushal Goyal
260 ## - PUBLICATION, DISTRIBUTION, ETC. (IMPRINT)
Place of publication, distribution, etc New Delhi
Name of publisher, distributor, etc Pigeon Books India
Date of publication, distribution, etc 2017
270 ## - ADDRESS
Address 1-2/16, Ansari Road,Daryaganj,
City New Delhi
Postal code 110002
300 ## - PHYSICAL DESCRIPTION
Extent 186p.
Other physical details 20cmpbk)
Dimensions ill.
490 ## - SERIES STATEMENT
Series statement Pigeon Biography Series
500 ## - GENERAL NOTE
General note Balidani
700 ## - ADDED ENTRY--PERSONAL NAME
Personal name Goyal, Kaushal
942 ## - ADDED ENTRY ELEMENTS (KOHA)
Source of classification or shelving scheme Dewey Decimal Classification
Item type English Books
Classification part 158.1
Call number suffix WAT
Holdings
Withdrawn status Lost status Not for loan Collection code Home library Current library Date acquired Source of acquisition Cost, normal purchase price Full call number Barcode Copy number Cost, replacement price Koha item type Public note
      Non-fiction Central Library Central Library 10/04/2018 Pansy 1721/05.03.2018/795/19.02.2018/12.03.2018 199.00 158.1 WAT B-690892 1 199.00 English Books Balidani
      Non-fiction Sarojini Nagar Sarojini Nagar 10/04/2018 Pansy 1721/05.03.2018/795/19.02.2018/12.03.2018 199.00 158.1 WAT B-690893 1 199.00 English Books Balidani

© Delhi Public Library
Hit Counter
free hit counter